| 000 | 00500nam a22001817a 4500 | ||
|---|---|---|---|
| 999 |
_c6957 _d6957 |
||
| 003 | OSt | ||
| 005 | 20210518153521.0 | ||
| 008 | 210518b ||||| |||| 00| 0 eng d | ||
| 020 | _a9781612335001 | ||
| 040 | _cDDC | ||
| 082 | _a612.3 MAL 2011 | ||
| 100 |
_aMalaric, Roman _914267 |
||
| 245 | _aInstrumentation and Measurement in Electrical Engineering. | ||
| 260 |
_aBoca Raton: _bBrown Walker _c2011 |
||
| 300 |
_a245p.: _bill; _c31cm |
||
| 650 |
_aElectrical Engineering. _98319 |
||
| 942 |
_2ddc _cBOOK |
||